| 000 | 00361 a2200157 4500 | ||
|---|---|---|---|
| 003 | Nust | ||
| 005 | 20230308120351.0 | ||
| 040 | _cNust | ||
| 082 | _a297.55,NIA | ||
| 100 |
_aNiazi, Kosur _9109996 |
||
| 245 |
_aRehnuma-e- Hajj / _cKousar Niazi |
||
| 260 |
_aLahore _bJang Publisher |
||
| 300 | _a192 | ||
| 650 |
_aHajj _9109075 |
||
| 942 |
_2ddc _cBK _k297.55,NIA |
||
| 999 |
_c187622 _d187622 |
||